Chân dung tướng lĩnh trong lịch sử Việt Nam qua hai cuộc chiến tranh (1945-1975)

Giới thiệu chân dung của 24 vị tướng lĩnh (cả tướng quân đội và công an), tên tuổi và những chiến công của họ đã gắn liền với các chiến trường trọng điểm qua hai cuộc chiến tranh.

Đã lưu trong:
Bibliografiske detaljer
Hovedforfatter: Nguyễn, Đức Cường
Andre forfattere: Phạm, Lan Hương
Format: Bog
Sprog:Undetermined
Udgivet: Lao động 2011
Fag:
Online adgang:http://lrc.tdmu.edu.vn/opac/search/detail.asp?aID=2&ID=20213
Tags: Tilføj Tag
Ingen Tags, Vær først til at tagge denne postø!
Thư viện lưu trữ: Trung tâm Học liệu Trường Đại học Thủ Dầu Một
LEADER 01080nam a2200205Ia 4500
001 TDMU_20213
008 210410s9999 xx 000 0 und d
082 |a 355.0092 
090 |b NG527 
100 |a Nguyễn, Đức Cường 
245 0 |a Chân dung tướng lĩnh trong lịch sử Việt Nam qua hai cuộc chiến tranh (1945-1975) 
245 0 |c Nhiều Tác giả; Nguyễn Đức Cường và [nh.ng. khác] (biên soạn) 
260 |b Lao động 
260 |c 2011 
300 |a 534 tr. 
520 |a Giới thiệu chân dung của 24 vị tướng lĩnh (cả tướng quân đội và công an), tên tuổi và những chiến công của họ đã gắn liền với các chiến trường trọng điểm qua hai cuộc chiến tranh.  
650 |a Tướng lĩnh  |z Việt Nam  |x Tiểu sử 
700 |a Phạm, Lan Hương 
856 |u http://lrc.tdmu.edu.vn/opac/search/detail.asp?aID=2&ID=20213 
980 |a Trung tâm Học liệu Trường Đại học Thủ Dầu Một